[Event "Titled Tuesday intern op 02nd Apr Late"]
[Site "Chess.com INT"]
[Date "2024.04.02"]
[Round "1"]
[White "Dubreuil, Julien"]
[Black "Povshednyi, Ivan"]
[Result "1-0"]
[WhiteElo "2096"]
[BlackElo "2249"]
[PlyCount "65"]
[EventDate "2024.04.02"]
[EventType "swiss (blitz)"]
[EventRounds "11"]
[EventCountry "USA"]
[SourceTitle "CB15_2024"]
[SourceDate "2024.04.10"]
[SourceVersion "1"]
[SourceVersionDate "2024.04.10"]
[SourceQuality "1"]

1. e4 c5 2. Nf3 d6 3. d4 cxd4 4. Nxd4 Nf6 5. Nc3 a6 6. Bd3 g6 7. f3 Bg7 8. Be3 Nc6 9. Qd2 Bd7 10. 0-0-0 Rc8 11. Kb1 b5 12. Nxc6 Bxc6 13. Bh6 0-0 14. Bxg7 Kxg7 15. h4 b4 16. Ne2 h5 17. g4 hxg4 18. h5 Rh8 19. hxg6 fxg6 20. Nf4 Bd7 21. Nxg6 Kxg6 22. e5+ Kf7 23. exf6 exf6 24. Be4 Be6 25. Rxh8 Qxh8 26. fxg4 Qd8 27. g5 Qa5 28. g6+ Kg7 29. b3 Qe5 30. Rh1 Qg5 31. Qxd6 Bf5 32. Qe7+ Kxg6 33. Qh7# 1-0

[Event "Titled Tuesday intern op 27th Feb Late"]
[Site "Chess.com INT"]
[Date "2024.02.27"]
[Round "3"]
[White "Dubreuil, Julien"]
[Black "Vila Dupla, Aurelio"]
[Result "1-0"]
[WhiteElo "2103"]
[BlackElo "2042"]
[PlyCount "35"]
[EventDate "2024.02.27"]
[EventType "swiss (blitz)"]
[EventRounds "11"]
[EventCountry "USA"]
[SourceTitle "CB10_2024"]
[SourceDate "2024.03.06"]
[SourceVersion "1"]
[SourceVersionDate "2024.03.06"]
[SourceQuality "1"]

1. e4 e6 2. d4 d5 3. e5 c5 4. c3 Ne7 5. Nf3 Nec6 6. Bd3 Be7 7. a3 c4 8. Bc2 b5 9. h4 a5 10. Ng5 g6 11. Qf3 0-0 12. Nxh7 Kxh7 13. h5 Kg8 14. hxg6 fxg6 15. Qh3 Bh4 16. g3 Bd7 17. Qg4 g5 18. Rxh4 1-0

[Event "Titled Tuesday intern op 23rd Jan Late"]
[Site "Chess.com INT"]
[Date "2024.01.23"]
[Round "7"]
[White "Kopczynski, Michal"]
[Black "Dubreuil, Julien"]
[Result "1-0"]
[WhiteElo "2225"]
[BlackElo "2103"]
[PlyCount "171"]
[EventDate "2024.01.23"]
[EventType "swiss (blitz)"]
[EventRounds "11"]
[EventCountry "USA"]
[SourceTitle "CB05_2024"]
[SourceDate "2024.01.31"]
[SourceVersion "1"]
[SourceVersionDate "2024.01.31"]
[SourceQuality "1"]

1. e4 e5 2. Nf3 Nc6 3. Bb5 a6 4. Ba4 Nf6 5. d3 b5 6. Bb3 Bc5 7. 0-0 d6 8. h3 h6 9. Nc3 Ne7 10. Ne2 Ng6 11. Ng3 Ba7 12. a4 b4 13. d4 Bb7 14. Re1 0-0 15. d5 c6 16. Nf5 cxd5 17. Bxd5 Nxd5 18. exd5 Qf6 19. Qd3 e4 20. Qxe4 Rae8 21. Qg4 Rxe1+ 22. Nxe1 Bc8 23. Nxh6+ gxh6 24. Qg3 Kh7 25. Nd3 Rg8 26. Qh2 Nh4 27. Kf1 Rxg2 28. Qf4 Qxf4 29. Bxf4 Bxh3 30. Ke2 Bg4+ 31. Kf1 Bf5 32. Bg3 Bh3 33. Ke2 Nf5 34. Bf4 Nd4+ 35. Kd2 Nf5 36. Rh1 Bg4 37. Ke1 Bf3 38. Rh3 Bxd5 39. Nxb4 Be6 40. Nxa6 Rg1+ 41. Kd2 Bxf2 42. Nc7 Be1+ 43. Kd3 Bd7 44. a5 d5 45. Nxd5 Rg2 46. Nf6+ Kg6 47. Nxd7 Bxa5 48. Ne5+ Kf6 49. Ke4 Re2+ 50. Kd3 Re1 51. Ng4+ Ke6 52. Nxh6 Nd6 53. Bxd6 Kxd6 54. Nxf7+ Kc5 55. Ng5 Re5 56. Ne4+ Kd5 57. Re3 Bb6 58. Nc3+ Ke6 59. Rxe5+ Kxe5 60. Kc4 Kd6 61. Nb5+ Kd7 62. Nd4 Kc7 63. Kd5 Ba5 64. c3 Bb6 65. b4 Ba7 66. c4 Bb8 67. c5 Kb7 68. b5 Bc7 69. Ne6 Ba5 70. Nf4 Bb4 71. Nd3 Ba3 72. Kc4 Kc7 73. Nb4 Bc1 74. Nd5+ Kb7 75. c6+ Kb8 76. b6 Bf4 77. Nxf4 Kc8 78. Nd5 Kb8 79. Kb5 Kc8 80. Nb4 Kb8 81. Ka6 Ka8 82. b7+ Kb8 83. c7+ Kxc7 84. Ka7 Kd6 85. b8Q+ Kc5 86. Qb6+ 1-0

[Event "Titled Tuesday intern op 23rd Jan Late"]
[Site "Chess.com INT"]
[Date "2024.01.23"]
[Round "3"]
[White "Senthil, Maran K"]
[Black "Dubreuil, Julien"]
[Result "1/2-1/2"]
[WhiteElo "2275"]
[BlackElo "2103"]
[PlyCount "160"]
[EventDate "2024.01.23"]
[EventType "swiss (blitz)"]
[EventRounds "11"]
[EventCountry "USA"]
[SourceTitle "CB05_2024"]
[SourceDate "2024.01.31"]
[SourceVersion "1"]
[SourceVersionDate "2024.01.31"]
[SourceQuality "1"]

1. Nf3 Nf6 2. c4 e6 3. Nc3 d5 4. e3 c5 5. cxd5 Nxd5 6. Bc4 Be7 7. 0-0 0-0 8. d4 Nxc3 9. bxc3 a6 10. a4 Qc7 11. Qe2 Nd7 12. e4 cxd4 13. cxd4 b6 14. Bg5 Bxg5 15. Nxg5 Bb7 16. Rac1 Qd6 17. Rfd1 Rac8 18. e5 Qe7 19. Ne4 Bxe4 20. Qxe4 b5 21. axb5 axb5 22. Bxb5 Rxc1 23. Rxc1 Nb6 24. Qc6 Nd5 25. Bc4 Nf4 26. Qe4 Qg5 27. Re1 Rd8 28. g3 Rxd4 29. Qa8+ Rd8 30. Qe4 Nd5 31. Rd1 h5 32. Bxd5 exd5 33. Rxd5 Rxd5 34. Qxd5 Qc1+ 35. Kg2 Qe1 36. Qd8+ Kh7 37. Qd3+ g6 38. Qf3 Kg8 39. Qf4 Qe2 40. h4 Qe1 41. Qf6 Qe2 42. Qd8+ Kg7 43. Qf6+ Kg8 44. Kh2 Qe1 45. Qf4 Qe2 46. Qe3 Qxe3 47. fxe3 Kf8 48. Kg2 Ke7 49. Kf3 Ke6 50. Ke4 Ke7 51. Kd5 Kd7 52. e6+ fxe6+ 53. Ke5 Ke7 54. e4 Kf7 55. Kf4 Kf6 56. e5+ Kf7 57. Ke3 Ke7 58. Ke4 Ke8 59. Kd3 Kd7 60. Kd4 Kc8 61. Kc4 Kb8 62. Kb4 Kc8 63. Kc4 Kb8 64. Kb4 Kc8 65. Ka5 Kc7 66. Kb5 Kb7 67. Kc5 Kc7 68. Kb4 Kb8 69. Kc4 Kc8 70. Kd4 Kd8 71. Ke4 Ke8 72. Kf4 Kf8 73. Kg5 Kg7 74. Kf4 Kf8 75. Kf3 Kf7 76. Ke3 Ke8 77. Kd3 Kd8 78. Kd2 Kd7 79. Ke3 Ke7 80. Ke4 Ke8 1/2-1/2

[Event "Titled Tuesday intern op 26th Sep Late"]
[Site "Chess.com INT"]
[Date "2023.09.26"]
[Round "6"]
[White "Dubreuil, Julien"]
[Black "Ansh, M Shah"]
[Result "1/2-1/2"]
[WhiteElo "2113"]
[BlackElo "2166"]
[PlyCount "135"]
[EventDate "2023.09.26"]
[EventType "swiss (blitz)"]
[EventRounds "11"]
[EventCountry "USA"]
[SourceTitle "EXT 2024"]
[Source "ChessBase"]
[SourceDate "2023.10.10"]
[SourceVersion "1"]
[SourceVersionDate "2023.10.10"]
[SourceQuality "1"]

1. e4 c5 2. Be2 Nc6 3. f4 g6 4. Nf3 Bg7 5. d3 d6 6. 0-0 Nf6 7. Qe1 0-0 8. Qh4 Bg4 9. c3 Bxf3 10. Rxf3 e5 11. f5 Nd7 12. Bg5 f6 13. fxg6 hxg6 14. Bh6 Qe7 15. Nd2 Bxh6 16. Qxh6 Qh7 17. Qe3 Rf7 18. Rh3 Qg7 19. Bg4 Nf8 20. Nc4 Rd8 21. Qe2 b6 22. Rf1 Ne7 23. Ne3 d5 24. exd5 Nxd5 25. Nxd5 Rxd5 26. Rhf3 Rd6 27. h4 f5 28. Bh3 Ne6 29. g3 Rfd7 30. Re3 c4 31. Rxe5 cxd3 32. Qe3 d2 33. Rd1 Nc5 34. Bg2 Ne4 35. Re8+ Kf7 36. Bxe4 Kxe8 37. Bc6+ Kd8 38. Bxd7 Qxd7 39. Kf2 Rd3 40. Qg5+ Kc7 41. Qf4+ Kb7 42. Kg1 Qd5 43. Qf2 Rf3 44. Qg2 Rd3 45. Qxd5+ Rxd5 46. Kf2 Rd3 47. a4 Kc6 48. b4 a6 49. c4 a5 50. bxa5 bxa5 51. Ke2 Rxg3 52. Kxd2 Rg4 53. Kc3 Rxh4 54. Rd5 Rh3+ 55. Kd4 Rh4+ 56. Kc3 f4 57. Kd4 f3+ 58. Ke3 Rxc4 59. Rxa5 Rc3+ 60. Kf2 Kd6 61. Rg5 Ra3 62. Rxg6+ Ke5 63. Rg4 Kf5 64. Rb4 Ke5 65. Rg4 Kf5 66. Rb4 Ke5 67. Rh4 Kf5 68. Rb4 1/2-1/2

[Event "Titled Tuesday intern op 26th Sep Late"]
[Site "Chess.com INT"]
[Date "2023.09.26"]
[Round "7"]
[White "Ochkoos, Jura"]
[Black "Dubreuil, Julien"]
[Result "0-1"]
[WhiteElo "2181"]
[BlackElo "2113"]
[PlyCount "58"]
[EventDate "2023.09.26"]
[EventType "swiss (blitz)"]
[EventRounds "11"]
[EventCountry "USA"]
[SourceTitle "EXT 2024"]
[Source "ChessBase"]
[SourceDate "2023.10.10"]
[SourceVersion "1"]
[SourceVersionDate "2023.10.10"]
[SourceQuality "1"]

1. e4 e5 2. Nf3 Nc6 3. Bc4 Nf6 4. d3 d5 5. exd5 Nxd5 6. 0-0 Bc5 7. Nc3 Nxc3 8. bxc3 0-0 9. Be3 Bxe3 10. fxe3 e4 11. Nd4 Ne5 12. Bb3 c5 13. Nf5 exd3 14. cxd3 c4 15. dxc4 Bxf5 16. Rxf5 Qc7 17. Qd5 Rfe8 18. Raf1 Rad8 19. Qe4 Qc5 20. Qxb7 Qxe3+ 21. Kh1 Rd7 22. Qb5 Rde7 23. c5 g6 24. R5f2 Kg7 25. h3 f5 26. Re2 Qxc3 27. Rfe1 Kh6 28. Re3 Nf3 29. Rxe7 Qxe1+ 0-1

[Event "Titled Tuesday intern op 05th Sep Late"]
[Site "Chess.com INT"]
[Date "2023.09.05"]
[Round "2"]
[White "Dubreuil, Julien"]
[Black "Espinosa Veloz, Ermes"]
[Result "0-1"]
[WhiteElo "2113"]
[BlackElo "2478"]
[PlyCount "41"]
[EventDate "2023.09.05"]
[EventType "swiss (blitz)"]
[EventRounds "11"]
[EventCountry "USA"]
[SourceTitle "EXT 2024"]
[Source "ChessBase"]
[SourceDate "2023.10.10"]
[SourceVersion "1"]
[SourceVersionDate "2023.10.10"]
[SourceQuality "1"]

1. e4 e6 2. d4 d5 3. e5 c5 4. c3 Qb6 5. Nf3 Nc6 6. Bd3 cxd4 7. 0-0 Bd7 8. Re1 Nge7 9. a3 Rc8 10. b4 h6 11. Bb2 Na5 12. cxd4 Nc4 13. Bc1 Nf5 14. Nc3 Nxd4 15. Na4 Nxf3+ 16. gxf3 Qd4 17. Rb1 Nxe5 18. Rxe5 Qxe5 19. Bb2 Qg5+ 20. Kh1 Bd6 21. Qg1 0-1

[Event "Titled Tuesday intern op 05th Sep Late"]
[Site "Chess.com INT"]
[Date "2023.09.05"]
[Round "1"]
[White "Mendez Fortes, Eduardo Jesus"]
[Black "Dubreuil, Julien"]
[Result "1-0"]
[WhiteElo "2231"]
[BlackElo "2113"]
[PlyCount "101"]
[EventDate "2023.09.05"]
[EventType "swiss (blitz)"]
[EventRounds "11"]
[EventCountry "USA"]
[SourceTitle "EXT 2024"]
[Source "ChessBase"]
[SourceDate "2023.10.10"]
[SourceVersion "1"]
[SourceVersionDate "2023.10.10"]
[SourceQuality "1"]

1. e4 c5 2. Nf3 Nc6 3. d4 cxd4 4. Nxd4 g6 5. c4 Bg7 6. Be3 Nf6 7. Nc3 0-0 8. Be2 d6 9. 0-0 Bd7 10. Qd2 Nxd4 11. Bxd4 Bc6 12. f3 a5 13. Rfc1 Nd7 14. Be3 Be5 15. Rab1 f5 16. exf5 gxf5 17. f4 Bf6 18. Nb5 Nc5 19. Nd4 Be4 20. Ra1 e5 21. Nb5 Kh8 22. Nxd6 exf4 23. Bxc5 Bc6 24. Qxf4 Qc7 25. Bd4 b6 26. Rf1 Rad8 27. Bxf6+ Rxf6 28. Nb5 Qg7 29. Bf3 Bxf3 30. Qxf3 f4 31. Nc3 Rg8 32. Rae1 Rg6 33. Rf2 Rg4 34. Nd5 Rf8 35. Qc3 Qxc3 36. Nxc3 f3 37. g3 Rxc4 38. Ref1 b5 39. Nxb5 Rb8 40. Nc3 a4 41. a3 Rb3 42. Rxf3 Rxb2 43. Nd5 Rb8 44. Rf8+ Rxf8 45. Rxf8+ Kg7 46. Rf3 Rc2 47. Nf4 Ra2 48. Nh3 Rb2 49. Nf2 Rb3 50. Kg2 Rb2 51. Rf4 1-0

[Event "Titled Tuesday intern op 29th Aug Late"]
[Site "Chess.com INT"]
[Date "2023.08.29"]
[Round "9"]
[White "Dubreuil, Julien"]
[Black "Colpe, Malte"]
[Result "0-1"]
[WhiteElo "2173"]
[BlackElo "2381"]
[PlyCount "92"]
[EventDate "2023.08.29"]
[EventType "swiss (blitz)"]
[EventRounds "11"]
[EventCountry "USA"]
[SourceTitle "EXT 2024"]
[Source "ChessBase"]
[SourceDate "2023.10.10"]
[SourceVersion "1"]
[SourceVersionDate "2023.10.10"]
[SourceQuality "1"]

1. c4 g6 2. g3 Bg7 3. Bg2 d6 4. Nc3 e5 5. Rb1 a5 6. a3 Ne7 7. b4 axb4 8. axb4 0-0 9. h4 h6 10. d3 f5 11. Bb2 f4 12. gxf4 exf4 13. Nd5 Bxb2 14. Rxb2 Nbc6 15. Nf3 Nxd5 16. cxd5 Qf6 17. Rc2 Nxb4 18. Rc1 Nxd5 19. Kf1 c6 20. Nd2 Be6 21. Ne4 Qe7 22. Bf3 Kh7 23. Qd2 Bf5 24. Qb2 Qg7 25. Qxg7+ Kxg7 26. Nxd6 Rfb8 27. Bxd5 cxd5 28. Rc7+ Kf6 29. Nxf5 Kxf5 30. Kg2 Ra2 31. Kf3 g5 32. hxg5 hxg5 33. Rg1 Rh8 34. Rf7+ Ke6 35. Rg7 Rh3+ 36. Kg4 Rh2 37. Rxb7 Rxe2 38. Kxg5 Rexf2 39. Rb6+ Ke5 40. Re1+ Kd4 41. Rb4+ Kxd3 42. Rxf4 d4 43. Rxf2 Rxf2 44. Kg4 Kd2 45. Ra1 d3 46. Kg3 Rf8 0-1

[Event "Titled Tuesday intern op 29th Aug Late"]
[Site "Chess.com INT"]
[Date "2023.08.29"]
[Round "8"]
[White "Gurevich, Dmitry"]
[Black "Dubreuil, Julien"]
[Result "1/2-1/2"]
[WhiteElo "2371"]
[BlackElo "2173"]
[PlyCount "99"]
[EventDate "2023.08.29"]
[EventType "swiss (blitz)"]
[EventRounds "11"]
[EventCountry "USA"]
[SourceTitle "EXT 2024"]
[Source "ChessBase"]
[SourceDate "2023.10.10"]
[SourceVersion "1"]
[SourceVersionDate "2023.10.10"]
[SourceQuality "1"]

1. d4 d5 2. Nf3 Nf6 3. c4 e6 4. e3 a6 5. Nbd2 c5 6. cxd5 exd5 7. Bd3 Nc6 8. dxc5 Bxc5 9. 0-0 0-0 10. Nb3 Ba7 11. Bd2 Bg4 12. Be2 Rc8 13. h3 Bh5 14. Be1 Re8 15. Rc1 Bb8 16. Nfd4 Bxe2 17. Nxe2 Ne4 18. Nbd4 Qf6 19. Nxc6 bxc6 20. Bc3 Qd6 21. g3 c5 22. Nf4 Rcd8 23. Qf3 Qb6 24. Rfd1 Bxf4 25. Qxf4 d4 26. exd4 cxd4 27. Be1 d3 28. Rc7 Qg6 29. Bc3 h6 30. h4 Nxc3 31. Rxc3 Re2 32. Qf3 Rxb2 33. Rcxd3 Rxd3 34. Rxd3 Rxa2 35. Rd8+ Kh7 36. Qa8 Qb1+ 37. Kg2 Ra1 38. Rh8+ Kg6 39. Qc6+ f6 40. Qe8+ Kf5 41. Qd7+ Kg6 42. Qe8+ Kf5 43. Qd7+ Kg6 44. h5+ Kxh5 45. Qh3+ Kg6 46. Qg4+ Kf7 47. Qd7+ Kg6 48. Qg4+ Kf7 49. Qd7+ Kg6 50. Qg4+ 1/2-1/2

[Event "Titled Tuesday intern op 22nd Aug Late"]
[Site "Chess.com INT"]
[Date "2023.08.22"]
[Round "6"]
[White "Rees, Ioan"]
[Black "Dubreuil, Julien"]
[Result "1-0"]
[WhiteElo "2289"]
[BlackElo "2173"]
[PlyCount "77"]
[EventDate "2023.08.22"]
[EventType "swiss (blitz)"]
[EventRounds "11"]
[EventCountry "USA"]
[SourceTitle "EXT 2024"]
[Source "ChessBase"]
[SourceDate "2023.10.10"]
[SourceVersion "1"]
[SourceVersionDate "2023.10.10"]
[SourceQuality "1"]

1. e4 c5 2. Nf3 Nc6 3. Bb5 g6 4. 0-0 Bg7 5. Re1 Nf6 6. c3 0-0 7. d4 d5 8. e5 Ne4 9. Nbd2 Bf5 10. Nf1 Qb6 11. a4 a6 12. Bxc6 bxc6 13. a5 Qa7 14. dxc5 Qxc5 15. Be3 Qb5 16. Ng3 Nxg3 17. hxg3 Qxb2 18. Bc5 Rfb8 19. Bb4 Rxb4 20. cxb4 Qxb4 21. Nd4 Bd7 22. Rb1 Qxa5 23. Rb7 Bc8 24. Rxe7 Qc5 25. Re8+ Bf8 26. Qc1 Qxd4 27. Qxc6 Qb4 28. Qd6 Kg7 29. Qf6+ Kg8 30. Rc1 Bb7 31. Rxa8 Bxa8 32. e6 Qe7 33. exf7+ Qxf7 34. Qd8 Bb7 35. Rc7 Qf5 36. Rxb7 d4 37. Rb8 Qf7 38. Qxd4 a5 39. Ra8 1-0

[Event "Titled Tuesday intern op 11th Jul Early"]
[Site "Chess.com INT"]
[Date "2023.07.11"]
[Round "6"]
[White "Dubreuil, Julien"]
[Black "Dyachuk, Artem"]
[Result "0-1"]
[WhiteElo "2173"]
[BlackElo "2261"]
[PlyCount "88"]
[EventDate "2023.07.11"]
[EventType "swiss (blitz)"]
[EventRounds "11"]
[EventCountry "USA"]
[SourceTitle "EXT 2024"]
[Source "ChessBase"]
[SourceDate "2023.10.10"]
[SourceVersion "1"]
[SourceVersionDate "2023.10.10"]
[SourceQuality "1"]

1. e4 c6 2. Nf3 d5 3. exd5 cxd5 4. Ne5 Nc6 5. d4 Nf6 6. Bb5 Bd7 7. Nxd7 Qxd7 8. c3 e6 9. 0-0 Bd6 10. Re1 0-0 11. Nd2 Qc7 12. Nf3 Ne4 13. g3 f5 14. Bd3 Qf7 15. Ng5 Qg6 16. Nxe4 fxe4 17. Bf1 Ne7 18. c4 Nf5 19. cxd5 Nxg3 20. fxg3 Bxg3 21. Bg2 Bxe1 22. Qxe1 exd5 23. Be3 Rac8 24. Rc1 Qf5 25. h3 Qg6 26. Kh1 Rxc1 27. Qxc1 Qg3 28. Bg1 h5 29. Qc5 Qg5 30. Bxe4 Rd8 31. Bg2 Qf5 32. Qc7 Rd7 33. Qb8+ Kh7 34. Qxa7 Re7 35. Qc5 Rd7 36. a4 Qd3 37. Qc8 Re7 38. Qd8 Re1 39. Kh2 Re2 40. Qxd5 Qg6 41. Qf3 Rxb2 42. Qe4 Qxe4 43. Bf2 Rxf2 44. Kg3 Rxg2# 0-1

[Event "Titled Tuesday intern op 11th Jul Late"]
[Site "Chess.com INT"]
[Date "2023.07.11"]
[Round "4"]
[White "Principe, Gerson"]
[Black "Dubreuil, Julien"]
[Result "1-0"]
[WhiteElo "2213"]
[BlackElo "2173"]
[PlyCount "135"]
[EventDate "2023.07.11"]
[EventType "swiss (blitz)"]
[EventRounds "11"]
[EventCountry "USA"]
[SourceTitle "EXT 2024"]
[Source "ChessBase"]
[SourceDate "2023.10.10"]
[SourceVersion "1"]
[SourceVersionDate "2023.10.10"]
[SourceQuality "1"]

1. Nf3 Nf6 2. b4 d5 3. Bb2 Bf5 4. e3 e6 5. a3 Nbd7 6. d4 h6 7. Bd3 Bxd3 8. Qxd3 c6 9. c4 Qc7 10. Nbd2 Bd6 11. 0-0 0-0 12. Rfc1 Qd8 13. b5 Qe7 14. a4 c5 15. cxd5 Nxd5 16. Nc4 Bb8 17. a5 Rd8 18. Ba3 b6 19. g3 Qf6 20. Kg2 cxd4 21. exd4 Nf8 22. Qe4 Ng6 23. axb6 axb6 24. Be7 Rxa1 25. Bxf6 Nxf6 26. Qe1 Rxc1 27. Qxc1 Rc8 28. Qf1 Nd5 29. Nfe5 Bxe5 30. dxe5 Rc5 31. Nd6 Nxe5 32. Qa1 Rc2 33. Qxe5 Rc5 34. Qd4 Rc2 35. h4 Rc5 36. Ne4 Rxb5 37. Nc3 Rc5 38. Nxd5 exd5 39. Qb4 d4 40. Qxd4 Rc6 41. Qd8+ Kh7 42. Qd3+ g6 43. h5 Rf6 44. hxg6+ Rxg6 45. Qd7 Kg7 46. Qb7 Kg8 47. f4 Kg7 48. Kf3 Rf6 49. Kg4 Rg6+ 50. Kh4 Rf6 51. Qe7 Rg6 52. f5 Rg5 53. g4 Kg8 54. Qd8+ Kg7 55. Qxb6 Kg8 56. Qxh6 Rg7 57. Qc6 Rh7+ 58. Kg3 Kg7 59. Kf4 Rh2 60. Qc3+ Kh7 61. Kg5 Rh1 62. Qf6 Kg8 63. Qd8+ Kg7 64. Qd4+ Kh7 65. Kf6 Kg8 66. Qd8+ Kh7 67. Kxf7 Rh6 68. Qg8# 1-0

[Event "Titled Tuesday intern op 06th Jun Early"]
[Site "Chess.com INT"]
[Date "2023.06.06"]
[Round "4"]
[White "Atakhan, Abtin"]
[Black "Dubreuil, Julien"]
[Result "1-0"]
[WhiteElo "2414"]
[BlackElo "2173"]
[PlyCount "121"]
[EventDate "2023.06.06"]
[EventType "swiss (blitz)"]
[EventRounds "11"]
[EventCountry "USA"]
[SourceTitle "EXT 2024"]
[Source "ChessBase"]
[SourceDate "2023.10.10"]
[SourceVersion "1"]
[SourceVersionDate "2023.10.10"]
[SourceQuality "1"]

1. Nf3 Nf6 2. c4 e6 3. Nc3 d5 4. e3 c5 5. cxd5 Nxd5 6. Nxd5 Qxd5 7. b3 Nc6 8. Bb2 b6 9. Bc4 Qd7 10. Bb5 Bb7 11. Ne5 Qc7 12. Qg4 a6 13. Bxc6+ Bxc6 14. Nxc6 Qxc6 15. 0-0 h5 16. Qg5 Rh6 17. f3 Be7 18. Qxg7 Rg6 19. Qh8+ Kd7 20. Qxh5 Rag8 21. Rf2 Bd6 22. d4 c4 23. Rc1 b5 24. bxc4 bxc4 25. e4 Qb5 26. Qxb5+ axb5 27. a4 bxa4 28. Rxc4 Ra8 29. Bc1 Rgg8 30. Ra2 Rgc8 31. Rxc8 Rxc8 32. Ba3 Bxa3 33. Rxa3 Rc4 34. h4 Kc6 35. h5 Kb5 36. g4 f6 37. e5 fxe5 38. dxe5 Kc5 39. h6 Kd5 40. h7 Rc8 41. Rxa4 Kxe5 42. Kg2 Kf6 43. Kg3 Kg6 44. Ra7 e5 45. Kf2 Re8 46. Ke3 Kh6 47. Ke4 Kg6 48. Rb7 Kh6 49. Rb5 Kxh7 50. Rxe5 Rd8 51. f4 Kg7 52. Re6 Kf7 53. f5 Ra8 54. g5 Ra4+ 55. Kf3 Ra3+ 56. Kf4 Ra4+ 57. Re4 Ra3 58. g6+ Kg7 59. Re7+ Kf8 60. f6 Ra4+ 61. Kg5 1-0

[Event "Titled Tuesday intern op 06th Jun Late"]
[Site "Chess.com INT"]
[Date "2023.06.06"]
[Round "3"]
[White "Dubreuil, Julien"]
[Black "Kashtanov, Ruslan"]
[Result "0-1"]
[WhiteElo "2173"]
[BlackElo "2376"]
[PlyCount "110"]
[EventDate "2023.06.06"]
[EventType "swiss (blitz)"]
[EventRounds "11"]
[EventCountry "USA"]
[SourceTitle "EXT 2024"]
[Source "ChessBase"]
[SourceDate "2023.10.10"]
[SourceVersion "1"]
[SourceVersionDate "2023.10.10"]
[SourceQuality "1"]

1. e4 c5 2. Nf3 d6 3. d4 cxd4 4. Nxd4 Nf6 5. Nc3 a6 6. Bg5 e6 7. Qe2 Nbd7 8. 0-0-0 b5 9. f4 Qc7 10. Kb1 Be7 11. f5 e5 12. Nb3 b4 13. Bxf6 Nxf6 14. Nd5 Nxd5 15. Rxd5 Bb7 16. Rd1 0-0 17. Qc4 Qxc4 18. Bxc4 Bxe4 19. Bd5 Bxf5 20. Bxa8 Rxa8 21. Rhe1 a5 22. h3 h5 23. Re2 Kf8 24. Rd5 a4 25. Ra5 Rxa5 26. Nxa5 Be6 27. Nc6 b3 28. cxb3 axb3 29. a4 Bg5 30. a5 Bc4 31. Re4 Bd5 32. Rb4 Bxc6 33. a6 Bxg2 34. a7 Ke7 35. Rxb3 h4 36. Rb8 Be3 37. a8Q Bxa8 38. Rxa8 f5 39. b4 g5 40. b5 g4 41. Kc2 gxh3 42. Ra1 h2 43. Kd3 Bg1 44. b6 Bxb6 45. Rh1 Bf2 46. Ke2 Bg1 47. Kf3 Kf6 48. Kg2 d5 49. Kh3 d4 50. Kxh4 d3 51. Kg3 d2 52. Rxg1 hxg1Q+ 53. Kf3 Qe1 54. Kg2 d1Q 55. Kh3 Qg4+ 0-1

[Event "Titled Tuesday intern op 06th Jun Early"]
[Site "Chess.com INT"]
[Date "2023.06.06"]
[Round "5"]
[White "Dubreuil, Julien"]
[Black "Sychev, Klementy"]
[Result "0-1"]
[WhiteElo "2173"]
[BlackElo "2540"]
[PlyCount "92"]
[EventDate "2023.06.06"]
[EventType "swiss (blitz)"]
[EventRounds "11"]
[EventCountry "USA"]
[SourceTitle "EXT 2024"]
[Source "ChessBase"]
[SourceDate "2023.10.10"]
[SourceVersion "1"]
[SourceVersionDate "2023.10.10"]
[SourceQuality "1"]

1. e4 c5 2. Nf3 d6 3. d4 cxd4 4. Nxd4 Nf6 5. Nc3 a6 6. Bg5 Nbd7 7. Qe2 h6 8. Bh4 g6 9. 0-0-0 e5 10. Nb3 Be7 11. Kb1 b5 12. Bg3 Bb7 13. f3 Rc8 14. Qd2 Kf8 15. Nd5 Nxd5 16. exd5 Nf6 17. Bh4 Nxd5 18. Bxe7+ Qxe7 19. Na5 Ba8 20. c4 bxc4 21. Bxc4 Rc5 22. b4 Rxc4 23. Nxc4 Kg7 24. Ne3 Nxe3 25. Qxe3 Rb8 26. Rd4 a5 27. Rhd1 d5 28. f4 Rxb4+ 29. Ka1 Rxd4 30. Rxd4 e4 31. Rd2 Kh7 32. g4 Qf6+ 33. Kb1 Bc6 34. h3 Bb5 35. a3 Bd3+ 36. Rxd3 exd3 37. Qxd3 Qxf4 38. Qxd5 a4 39. Kc2 Kg7 40. Kd3 Qg3+ 41. Kc4 Qb3+ 42. Kc5 Qxa3+ 43. Kc6 Qc3+ 44. Kd7 a3 45. Ke8 Qc8+ 46. Ke7 Qe6+ 0-1